| 000 | 00645nam a2200181Ia 4500 | ||
|---|---|---|---|
| 003 | GCL | ||
| 008 | 140319s9999 xx 000 0 ara d | ||
| 040 |
_aGCL / _cGCL |
||
| 082 | 0 | 4 |
_aد _b050 _bم م |
| 245 | 1 | 0 | _aالمستقبل العربى ( اكتوبر 2004 ) |
| 260 |
_aبيروت : _bمركز دراسات الوحدة العربية ، _c2004 |
||
| 650 | 0 | 4 | _aالخليج العربى |
| 650 | 0 | 4 | _aالعراق - تاريخ |
| 650 | 0 | 4 | _aالشرق الاوسط - تاريخ - العصر الحديث |
| 650 | 0 | 4 | _aالاصلاح الدستورى |
| 650 | 0 | 4 | _aالاعتداء الامريكى على العراق |
| 942 |
_2ddc _cCR |
||
| 999 |
_c7122 _d7122 |
||